00385nam a2200109Ia 4500008004100000050002200041100003500063245004700098260008600145300002800231521001600259140724s9999 xx 000 0 und d aHB 615b.J39 2012 aJaspio, Kristine Bernadette B. aBranchee /cKristine Bernadette B. Jaspio. aLas Piñas, Philippines :bSouthville International School and Colleges,cc2012. a29 p. :bill. ;c28 cm. aEntrepeneur